American Bands - Sudden Death - Statistics

General Stats
  • This quiz has been taken 69,522 times
    69,499 since last reset
  • The average score is 11 of 31
Answers on the Grid
Answers color-coded by a green-red scale on the quiz's grid according to % correct below.
AC/DC
Aerosmith
Alice Cooper
Alice In Chains
Arctic Monkeys
Black Sabbath
Blondie
Bon Jovi
Boston
Coldplay
Def Leppard
Eagles
Foo Fighters
Green Day
Guns N' Roses
Imagine Dragons
Iron Maiden
Jefferson Airplane
Journey
Judas Priest
Kiss
Linkin Park
Lynyrd Skynyrd
Maroon 5
Metallica
Motley Crue
Motorhead
Nirvana
Pearl Jam
Pixies
Queen
R.E.M.
Radiohead
Ramones
Scorpions
Soundgarden
Talking Heads
The Beach Boys
The Beatles
The Byrds
The Doors
The Strokes
Thin Lizzy
U2
ZZ Top
 
Answer Stats
Answer % Correct
Aerosmith
67%
Bon Jovi
55%
Green Day
49%
Eagles
48%
Nirvana
47%
Foo Fighters
46%
Guns N' Roses
46%
Alice Cooper
43%
Boston
42%
Linkin Park
41%
Maroon 5
40%
Alice In Chains
39%
Kiss
37%
Lynyrd Skynyrd
37%
Metallica
36%
The Beach Boys
36%
Blondie
34%
Imagine Dragons
34%
Pearl Jam
32%
Journey
28%
Motley Crue
28%
R.E.M.
27%
The Doors
27%
ZZ Top
27%
Jefferson Airplane
24%
Soundgarden
24%
Ramones
21%
Talking Heads
16%
The Strokes
16%
Pixies
15%
The Byrds
11%
No matching quizzes found
Score Distribution
Percent of People with Each Score
Percentile by Number Answered
Your Score History
You have not taken this quiz since the last reset